000 00239nam a2200097Ia 4500
005 20251222114352.0
008 251222s1900||||xx |||||||||||||| ||spa||
082 _aDVD0060/K57/2009
245 0 _aEstán todos bien:Everybody's Fine
942 _cDVD
999 _c1290
_d1290